Internationaler Vergleich der Direktinvestitionen wichtiger Industrieländer
Enregistré dans:
| Auteur principal: | |
|---|---|
| Format: | Livre |
| Langue: | Undetermined |
| Publié: |
Hamburg
HWWA-Institut für Wirtschaftsforschung-Hamburg
1973
|
| Sujets: | |
| Tags: |
Ajouter un tag
Pas de tags, Soyez le premier à ajouter un tag!
|
| Thư viện lưu trữ: | Trung tâm Học liệu Trường Đại học Cần Thơ |
|---|
| LEADER | 00537nam a2200169Ia 4500 | ||
|---|---|---|---|
| 001 | CTU_84876 | ||
| 008 | 210402s9999 xx 000 0 und d | ||
| 082 | |a 332.041 | ||
| 082 | |b S162 | ||
| 100 | |a Sabine V. Saldern | ||
| 245 | 0 | |a Internationaler Vergleich der Direktinvestitionen wichtiger Industrieländer | |
| 245 | 0 | |c Sabine V. Saldern | |
| 260 | |a Hamburg | ||
| 260 | |b HWWA-Institut für Wirtschaftsforschung-Hamburg | ||
| 260 | |c 1973 | ||
| 650 | |a capital investments | ||
| 980 | |a Trung tâm Học liệu Trường Đại học Cần Thơ | ||